000 00346nam a2200109Ia 4500
008 230320s9999||||xx |||||||||||||| ||spa||
082 _aTMI/2007/25
100 _aIturria Hermoza, Ángela
245 0 _aEvaluación Del Modelo T En El Marco Del Proyecto Curricular Del Centro C.E.P. Peruano Chino Juan Xxiii
260 _bLima 2007
942 _80
_cLIB
999 _c45963
_d45963